000 01827nam a2200253Ia 4500
999 _c55239
_d55239
001 22315
003 GE_BSU
005 20250804170633.0
008 181216s2017||||ge |||||||||||||| ||geo||
040 _cGE_BSU
041 _ageo
080 _a27:327.36(063) ი-67
245 _aინტერრელიგიური დიალოგი მშვიდობისათვის" II კონფერენცია "რელიგიური ტოლერანტობა საქართველოში 15 ნოემბერი, 2017 წელი :
_b[მასალების კრებული] /
_c რელიგიის საკითხთა სახელმწ. სააგენტო ; მთ. რედაქტორი ზაზა ვაშაყმაძე ; რედაქტორი ნანა ონიანი.
264 _aთბილისი :
_c2017.
300 _a92 გვ. :
_bფოტ. ;
_c29 სმ.
504 _aბიბლიოგრ. სტატიების ბოლოს
520 _aგარეკანი ქართ. და ინგლ. ენებზე.რეზიუმე ინგლ. ენაზე.
541 _h5 ლ.
653 _aინტერრელიგიური დიალოგი მშვიდობისათვის" II კონფერენცია "რელიგიური ტოლერანტობა საქართველოში
653 _aრელიგიური შემწყნარებლობა -კონფერენციები
700 _aვაშაყმაძე, ზაზა
_eმთ. რედაქტორი
_925744
700 _aონიანი, ნატო
_eრედაქტორი
_925745
942 _cBK
_2udc